Mario Kart 8 Deluxe Vehicles, Wheels and Gliders. - Statistics

General Stats
  • This quiz has been taken 123 times
  • The average score is 30 of 77
Answer Stats
Answer % Correct
Wheel Standard
94%
Kart Standard Kart
77%
Wheel Roller
74%
Bike Standard Bike
71%
Wheel Monster
69%
Wheel Azure Roller
63%
Kart BiddyBuggy
60%
Kart GLA
60%
ATV Standard ATV
60%
ATV Wild Wiggler
60%
Bike Yoshi Bike
60%
Kart Gold Standard
57%
Kart Pipe Frame
57%
Wheel Slick
54%
ATV Teddy Buggy
54%
Kart Cat Cruiser
49%
Wheel Wood
49%
Kart Badwagon
46%
Wheel Cushion
46%
Wheel Cyber Slick
46%
Glider Gold Glider
46%
Bike Mr Scooty
46%
Glider Paper Glider
46%
Glider Cloud Glider
43%
Bike Comet
43%
Bike Flame Rider
43%
ATV InkStriker
43%
Kart Mach 8
43%
Bike Master Cycle
43%
Wheel Slim
43%
Glider Super Glider
43%
Kart B Dasher
40%
Kart Blue Falcon
40%
Kart Circuit Special
40%
Wheel Gold Tires
40%
Wheel Hot Monster
40%
Wheel Off-Road
37%
Glider Parachute
37%
Wheel Sponge
37%
Kart Streetle
37%
Wheel Blue Standard
34%
ATV Bone Rattler
34%
Kart P-Wing
34%
ATV Splat Buggy
34%
Bike Varmint
34%
Kart Koopa Clown
31%
Kart Landship
31%
Wheel Leaf Tires
31%
Glider Parafoil
31%
Bike Jet Bike
29%
Kart Sports Coupe
29%
Bike The Duke
29%
Kart Tri-Speeder
29%
Wheel Button
26%
Bike City Tripper
26%
Wheel Crimson Slim
26%
Glider Flower Glider
26%
Bike Master Cycle Zero
26%
Kart Steel Driver
26%
Kart Tanooki Kart
26%
Glider Bowser Kite
23%
Wheel GLA Tires
23%
Glider Hylian Kite
23%
Glider Peach Parasol
23%
Wheel Retro Off-Road
23%
Glider Wario Wing
23%
Glider Paraglider
20%
Glider Plane Glider
20%
Kart Sneeker
20%
Wheel Triforce Tires
20%
Wheel Ancient Tires
17%
Wheel Metal
17%
Kart Prancer
17%
Kart W 25 Silver Arrow
17%
Glider MKTV Parafoil
14%
Glider Waddle Wing
14%
Kart 300 SL Roadster
11%
No matching quizzes found
Score Distribution
Percent of People with Each Score
Percentile by Number Answered
Your Score History
You have not taken this quiz